Catalogue of Greek coins : Pontus, Paphlagonia, Bithynia, and the Kingdom of Bosporus /

محفوظ في:

مؤلف مشترك: British Museum. Department of Coins and Medals.

مؤلفون آخرون: Poole, Reginald Stuart, 1832-1895., Wroth, Warwick William, 1858-1911.

التنسيق: كتاب

اللغة: English

منشور في: London : The Trustees, 1889.

سلاسل: Catalogue of the Greek coins in the British Museum ; 13.

الموضوعات:

الوسوم: إضافة وسم

لا توجد وسوم, كن أول من يضع وسما على هذه التسجيلة!

رقم الطلب: CJ641 .B82 1889

LEADER 01316namaa2200325 4500
001 12114
003 OSt
005 20240819130538.0
008 130303s1889 enkf bc 000 0 eng d
952 |0 0  |1 0  |2 lcc  |4 0  |6 CJ0641 B82 01889  |7 1  |9 57726  |a ARCE  |b ARCE  |d 2023-12-14  |l 0  |o CJ641 .B82 1889  |p 1015537  |r 2023-12-14 00:00:00  |w 2023-12-14  |y BK 
999 |c 10586  |d 10586 
010 |a 74192001 
040 |c ARCE Library 
043 |a a-tu---  |a e-uk-en 
050 4 |a CJ641 .B82 1889 
110 2 |a British Museum.  |b Department of Coins and Medals. 
245 1 0 |a Catalogue of Greek coins :  |b Pontus, Paphlagonia, Bithynia, and the Kingdom of Bosporus /  |c Attribution by Warwick Wroth. Edited by Reginald Stuart Poole. 
264 1 |a London :  |b The Trustees,   |c 1889. 
300 |a xliv, 252 pages :  |b 39 plates ;  |c 25 cm. 
490 0 |a Catalogue of the Greek coins in the British Museum ;   |v 13. 
504 |a Includes bibliographical references. 
610 2 0 |a British Museum.  |b Department of Coins and Medals. 
650 0 |a Coins, Greek  |z Cimmerian Bosporus (Kingdom) 
650 0 |a Coins, Greek  |z Paphlagonia. 
650 0 |a Coins, Greek  |z Pontus. 
650 0 |a Coins, Greek  |z Turkey  |z Bithynia. 
700 1 |a Poole, Reginald Stuart,  |d 1832-1895. 
700 1 |a Wroth, Warwick William,  |d 1858-1911.  |9 42411 
901 |a reviewed 
942 |c BK  |2 lcc